00378pab a2200121 454500008004000000100002300040245012200063260000900185300001300194362000800207650001000215773003100225180718b2011 xxu||||| |||| 00| 0 eng d aBiedenbach, Thomas aThe power of combinative capabilities: Facilitating the outcome of frequent innovation in pharmaceutical R&D projects c2011 ap.63-80. aMar aDrugs aProject Management Journal